Most Popular Christian Churches (USA) - Statistics

General Stats
  • This quiz has been taken 247 times
    246 since last reset
  • The average score is 3 of 7
Answer Stats
Church % Correct
Catholic Church
98%
Baptist Church
85%
Lutheran Church
63%
Mainline Protestant Church
27%
The Church of Jesus Christ of Latter Day Saints
17%
Apostolic Christian Church
1%
Evangelicalism
0%
No matching quizzes found
Score Distribution
Percent of People with Each Score
Percentile by Number Answered
Your Score History
You have not taken this quiz since the last reset